Miasta w Niemczech czy w Norwegii? - klikanie - Statystyki

Ogólne statystyki
  • Ten quiz został rozwiązany 86 razy
  • Średni wynik to 14 z 16
Statystyki odpowiedzi
Hint Odpowiedź % Poprawnych
Kolonia Niemcy
100%
Dortmund Niemcy
98%
Magdeburg Niemcy
98%
Stavanger Norwegia
93%
Bonn Niemcy
90%
Bergen Norwegia
90%
Narwik Norwegia
90%
Kassel Niemcy
88%
Trondheim Norwegia
88%
Kristiansand Norwegia
88%
Rostock Niemcy
87%
Fredrikstad Norwegia
82%
Haugesund Norwegia
82%
Heidelberg Niemcy
77%
Halle Niemcy
75%
Moss Norwegia
67%
Nie znaleziono quizów pasujących do podanych kryteriów
Rozkład punktacji
Procent ludzi z każdym wynikiem
Percentyl według liczby udzielonych odpowiedzi
Twoja historia wyników
Nie rozwiązałeś tego quizu